000 00745nam a2200277 a 4500
001 36219
003 AR-BaAGN
005 20231118062537.0
007 ta
008 220625s2012 ag |||||r|||| ||||||spa d
020 _a978-987-1677-64-1
040 _dAR-BaAGN
_aAR-BaAGN
_bspa
_eaacr
100 1 _aPerón, Juan Domingo,
_d1895-1974
_94501
245 1 0 _aDel poder al exilio :
_bquienes y como me derrocaron
250 _a1ª ed.
260 _aBuenos Aires :
_bFabro,
_c2012.
300 _a56 páginas
336 _2rdacontent
_btxt
337 _2rdamedia
_bn
338 _2rdacarrier
_bnc
650 4 _aHISTORIA POLÍTICA ARGENTINA
_91052
650 4 _aPERONISMO
_92600
651 4 _aArgentina
_93645
942 _cLIBRO
999 _c36219
_d36219